[Event "CAN-ch U14"]
[Site "Quebec"]
[Date "2018.07.04"]
[Round "5.42"]
[White "Celer Matas, Simon"]
[Black "Makarczyk, David"]
[Result "1-0"]
[WhiteElo "1223"]
[BlackElo "1582"]
[PlyCount "115"]
[EventDate "2018.07.02"]
[EventType "swiss"]
[EventRounds "7"]
[EventCountry "CAN"]
[SourceTitle "EXT 2022"]
[Source "ChessBase"]
[SourceDate "2021.10.06"]
[SourceVersion "1"]
[SourceVersionDate "2021.10.06"]
[SourceQuality "1"]

1. e4 c5 2. Nf3 Nc6 3. d4 cxd4 4. Nxd4 e5 5. Nf3 Nf6 6. Bg5 Be7 7. Nc3 d6 8. h3 0-0 9. Bc4 Be6 10. Bb3 Rc8 11. 0-0 Nd7 12. Bxe7 Qxe7 13. Nb5 a6 14. Nxd6 Rc7 15. Bxe6 Qxe6 16. Qd5 Qxd5 17. exd5 Nb4 18. c4 f5 19. Ng5 Nc5 20. Ne6 Nxe6 21. dxe6 Nc6 22. Rfe1 Re7 23. b3 b6 24. Nf7 Rxe6 25. Ng5 Rd6 26. Red1 Rfd8 27. Rdc1 e4 28. h4 Rd2 29. Ne6 R8d6 30. Nc7 Nd4 31. Kf1 Nc2 32. Rab1 Na3 33. Ra1 Nc2 34. Rab1 Nb4 35. Ra1 Nxa2 36. Re1 Nb4 37. Rec1 a5 38. Nb5 Rd7 39. c5 bxc5 40. Rxc5 g6 41. Rc8+ Kg7 42. Rc7 Rxc7 43. Nxc7 Nd3 44. Rxa5 Rxf2+ 45. Kg1 e3 46. Ne6+ Kh6 47. Nc5 Nf4 48. g3 Rg2+ 49. Kh1 e2 50. Ra1 Rxg3 51. Kh2 Rh3+ 52. Kg1 Rxh4 53. Kf2 Rh3 54. b4 Rc3 55. Rb1 Rc2 56. Kf3 Nd5 57. Ne6 Ne3 58. Rh1# 1-0

[Event "CAN-ch U14"]
[Site "Quebec"]
[Date "2018.07.04"]
[Round "6.37"]
[White "Demers, Alexis"]
[Black "Celer Matas, Simon"]
[Result "1-0"]
[WhiteElo "1726"]
[BlackElo "1223"]
[PlyCount "72"]
[EventDate "2018.07.02"]
[EventType "swiss"]
[EventRounds "7"]
[EventCountry "CAN"]
[SourceTitle "EXT 2022"]
[Source "ChessBase"]
[SourceDate "2021.10.06"]
[SourceVersion "1"]
[SourceVersionDate "2021.10.06"]
[SourceQuality "1"]

1. d4 Nf6 2. c4 e6 3. Nc3 Bb4 4. e3 d5 5. Qa4+ Nc6 6. Nge2 Bd7 7. Qc2 0-0 8. a3 Bxc3+ 9. Nxc3 Ne7 10. Bd3 dxc4 11. Bxc4 Ned5 12. 0-0 Bc6 13. Bd3 h6 14. Rd1 Nxc3 15. bxc3 Qd7 16. a4 a5 17. e4 b6 18. Bb2 Bb7 19. c4 Qe7 20. d5 exd5 21. exd5 Rfe8 22. Qd2 Ne4 23. Qf4 Nc5 24. Qg3 f6 25. Bg6 Red8 26. Re1 Qd6 27. Re2 Qxg3 28. hxg3 Ba6 29. Rc2 Bc8 30. Ba3 Nxa4 31. Be7 Rd7 32. Re2 Nc3 33. Re3 Nxd5 34. cxd5 Rxd5 35. Bd6 Bd7 36. Be4 Re8 1-0